[Event "Quebec op"]
[Site "Montreal CAN"]
[Date "2004.07.19"]
[Round "4"]
[White "Garcia, Gildardo"]
[Black "Roussel-Roozmon, Thomas"]
[Result "1/2-1/2"]
[WhiteElo "2461"]
[BlackElo "2456"]
[PlyCount "118"]
[EventDate "2004.07.17"]
[EventType "swiss"]
[EventRounds "9"]
[EventCountry "CAN"]

1. e4 c5 2. Nf3 e6 3. d3 Nc6 4. g3 g6 5. Bg2 Bg7 6. O-O Nge7 7. c3 e5 8. Be3 d6
9. d4 exd4 10. cxd4 Bg4 11. dxc5 dxc5 12. Nbd2 b6 13. Rb1 O-O 14. a3 Qd7 15. b4
Nd4 16. bxc5 bxc5 17. Re1 Rfd8 18. e5 Rab8 19. Rxb8 Rxb8 20. Ne4 Nec6 21. Nxc5
Nxf3+ 22. Qxf3 Nxe5 23. Nxd7 Nxf3+ 24. Bxf3 Bxd7 25. Bxa7 Rb3 26. Re3 Rxe3 27.
Bxe3 Bf8 28. Bc1 Ba4 29. Bd5 Bc5 30. Kg2 Kf8 31. Bb2 h5 32. Kf1 Ke7 33. h3 Bd7
34. h4 Ba4 35. Ke2 Bb5+ 36. Ke1 Ba4 37. Bc4 Bd6 38. Ke2 Bc5 39. Ke1 Bd6 40. Be2
Bc5 41. f3 f5 42. Kf1 Bd6 43. Kg2 Bc5 44. Kh3 Kf8 45. g4 fxg4+ 46. fxg4 hxg4+
47. Bxg4 Kf7 48. Bc8 Be7 49. Kg3 Bd6+ 50. Kg4 Bd1+ 51. Kh3 Ba4 52. Bc1 Be7 53.
Bb7 Bd7+ 54. Kg3 Bd6+ 55. Kf3 Be7 56. Bd5+ Ke8 57. Be4 Kf7 58. Kg3 Bd6+ 59. Kf3
Be7 1/2-1/2

[Event "Quebec op"]
[Site "Montreal CAN"]
[Date "2004.07.20"]
[Round "5"]
[White "Roussel-Roozmon, Thomas"]
[Black "Burnett, Ronald"]
[Result "1/2-1/2"]
[WhiteElo "2456"]
[BlackElo "2417"]
[PlyCount "43"]
[EventDate "2004.07.17"]
[EventType "swiss"]
[EventRounds "9"]
[EventCountry "CAN"]

1. d4 Nf6 2. c4 e6 3. Nc3 Bb4 4. Qc2 O-O 5. a3 Bxc3+ 6. Qxc3 b6 7. Bg5 h6 8.
Bh4 Ba6 9. e3 c5 10. dxc5 bxc5 11. Bd3 d5 12. Nf3 g5 13. Bg3 dxc4 14. Bxc4 Nd5
15. Qc2 Qa5+ 16. Nd2 Bxc4 17. Qxc4 Nd7 18. Qe2 c4 19. O-O c3 20. bxc3 Nxc3 21.
Qf3 Qd5 22. Qxd5 1/2-1/2

[Event "Quebec op"]
[Site "Montreal CAN"]
[Date "2004.07.21"]
[Round "6"]
[White "Khassanov, Marat"]
[Black "Roussel-Roozmon, Thomas"]
[Result "1-0"]
[WhiteElo "2342"]
[BlackElo "2456"]
[PlyCount "63"]
[EventDate "2004.07.17"]
[EventType "swiss"]
[EventRounds "9"]
[EventCountry "CAN"]

1. e4 c5 2. c3 Nf6 3. e5 Nd5 4. d4 cxd4 5. cxd4 e6 6. Nc3 Nxc3 7. bxc3 d6 8. f4
dxe5 9. fxe5 Qc7 10. Bd2 Nc6 11. Nf3 Bd7 12. Bd3 Na5 13. O-O Be7 14. Qe2 Bc6
15. Ng5 Bxg5 16. Bxg5 Bd5 17. Bb5+ Bc6 18. Rac1 h6 19. Bxc6+ Qxc6 20. Qh5 Rf8
21. Bh4 g5 22. d5 Qxd5 23. Bf2 Nc6 24. Qxh6 O-O-O 25. Qg7 Rg8 26. Qxf7 Rdf8 27.
Qh7 Qxa2 28. Bc5 Rxf1+ 29. Rxf1 Rd8 30. Bd6 Rd7 31. Rf8+ Nd8 32. Rxd8+ 1-0

[Event "Quebec op"]
[Site "Montreal CAN"]
[Date "2004.07.23"]
[Round "8"]
[White "Bolduc, Steve"]
[Black "Roussel-Roozmon, Thomas"]
[Result "1-0"]
[WhiteElo "2145"]
[BlackElo "2456"]
[PlyCount "63"]
[EventDate "2004.07.17"]
[EventType "swiss"]
[EventRounds "9"]
[EventCountry "CAN"]

1. d4 Nf6 2. c4 e6 3. Nc3 Bb4 4. e3 b6 5. Bd3 Bb7 6. Nf3 Ne4 7. Qc2 f5 8. O-O
Bxc3 9. bxc3 O-O 10. Nd2 Qh4 11. f3 Nxd2 12. Bxd2 Nc6 13. Be1 Qh5 14. Bg3 d6
15. c5 dxc5 16. dxc5 e5 17. Bb5 f4 18. Bf2 Na5 19. exf4 exf4 20. Rfe1 Qg5 21.
Kh1 Rad8 22. Rad1 Bc8 23. Bd3 h6 24. Be4 Nb7 25. Rxd8 Rxd8 26. Bd4 Kh8 27. Bxb7
Bxb7 28. Re5 Qf6 29. Qe2 Qg6 30. h3 Rd7 31. Re6 Ba6 32. Qe1 1-0

[Event "CAN-op"]
[Site "Kapuskasing CAN"]
[Date "2004.07.10"]
[Round "1"]
[White "Roussel-Roozmon, Thomas"]
[Black "Epishin, Vladimir"]
[Result "1/2-1/2"]
[WhiteElo "2405"]
[BlackElo "2671"]
[PlyCount "101"]
[EventDate "2004.07.10"]
[EventType "swiss"]
[EventRounds "10"]
[EventCountry "CAN"]

1. d4 Nf6 2. c4 e6 3. Nc3 c5 4. d5 exd5 5. cxd5 Bd6 6. Nf3 O-O 7. Bg5 Bc7 8.
Nd2 Be5 9. Qb3 h6 10. Bh4 d6 11. e3 Nbd7 12. Be2 a6 13. a4 Qb6 14. Qc2 Bxc3 15.
bxc3 Nxd5 16. Nc4 Qc7 17. Rd1 b5 18. Rxd5 bxc4 19. Bg3 Ne5 20. Qd2 Qc6 21. O-O
Bb7 22. e4 Qxa4 23. Rxd6 Nd3 24. f3 Rfd8 25. Bxd3 Rxd6 26. Bxd6 cxd3 27. Qxd3
Qc6 28. e5 a5 29. Ra1 a4 30. Ra3 Bc8 31. c4 Be6 32. f4 Qd7 33. Qc2 Ra6 34. h3
Bf5 35. Qd1 Be4 36. Kh2 f5 37. Kg1 Qf7 38. Qe2 Kh7 39. Kf2 Ra8 40. Kg1 Ra6 41.
Kh2 Ra8 42. Qa2 g5 43. Rxa4 Rxa4 44. Qxa4 gxf4 45. Qa5 Qg7 46. Qc7 Qxc7 47.
Bxc7 Kg6 48. Bd6 Bd3 49. Bxc5 Bxc4 50. Kg1 Kf7 51. Kf2 1/2-1/2

[Event "CAN-op"]
[Site "Kapuskasing CAN"]
[Date "2004.07.11"]
[Round "2"]
[White "Nataf, Igor A"]
[Black "Roussel-Roozmon, Thomas"]
[Result "1-0"]
[WhiteElo "2605"]
[BlackElo "2405"]
[PlyCount "27"]
[EventDate "2004.07.10"]
[EventType "swiss"]
[EventRounds "10"]
[EventCountry "CAN"]

1. e4 c5 2. Nf3 Nc6 3. Nc3 Nf6 4. Bb5 Nd4 5. e5 Nxb5 6. Nxb5 Nd5 7. Ng5 h6 8.
Nxf7 Kxf7 9. Qf3+ Ke6 10. c4 Nb6 11. d4 d5 12. dxc5 dxc4 13. Be3 Nd5 14. O-O-O
1-0

[Event "CAN-op"]
[Site "Kapuskasing CAN"]
[Date "2004.07.11"]
[Round "3"]
[White "Roussel-Roozmon, Thomas"]
[Black "Quan Zhe"]
[Result "1/2-1/2"]
[WhiteElo "2405"]
[BlackElo "2442"]
[PlyCount "135"]
[EventDate "2004.07.10"]
[EventType "swiss"]
[EventRounds "10"]
[EventCountry "CAN"]

1. d4 Nf6 2. Bg5 e6 3. e4 h6 4. Bxf6 Qxf6 5. Nc3 d6 6. Qd2 g5 7. Bc4 Bg7 8.
Nge2 Bd7 9. Nb5 Bxb5 10. Bxb5+ c6 11. Ba4 Nd7 12. c3 O-O-O 13. O-O d5 14. e5
Qe7 15. f4 f6 16. Bc2 Rhg8 17. Rae1 gxf4 18. exf6 Bxf6 19. Nxf4 e5 20. Ng6 Qg7
21. dxe5 Bxe5 22. Nxe5 Nxe5 23. g3 Rde8 24. Kg2 b6 25. Qd4 Re7 26. b3 Kb7 27.
Bd1 Nd7 28. Qxg7 Rgxg7 29. h4 Kc7 30. Bc2 Kd6 31. Bf5 Rxe1 32. Rxe1 Ne5 33. Re2
c5 34. Rd2 Ng4 35. Kf3 Ne5+ 36. Kg2 Ng4 37. Be4 Ne3+ 38. Kf2 Ke5 39. Bf3 d4 40.
Rd3 a5 41. cxd4+ cxd4 42. Rd2 Rc7 43. Be2 Nd5 44. Bd3 Rf7+ 45. Kg1 Rf3 46. Kg2
Rf6 47. Rf2 Ne3+ 48. Kg1 Rc6 49. Rf8 Rc3 50. Re8+ Kf6 51. Be4 Ng4 52. Kg2 Re3
53. Rf8+ Ke7 54. Rf4 Ne5 55. Kf2 h5 56. Bf5 Rc3 57. Ke2 Rxg3 58. Rxd4 Rg2+ 59.
Ke3 Rxa2 60. Kf4 Nf7 61. Rd7+ Kf6 62. Be4 Rf2+ 63. Kg3 Re2 64. Bd5 Ne5 65. Rd6+
Kf5 66. Be6+ Ke4 67. Rxb6 Re3+ 68. Kg2 1/2-1/2

[Event "CAN-op"]
[Site "Kapuskasing CAN"]
[Date "2004.07.12"]
[Round "4"]
[White "Roussel-Roozmon, Thomas"]
[Black "Zatonskih, Anna"]
[Result "1/2-1/2"]
[WhiteElo "2405"]
[BlackElo "2412"]
[PlyCount "95"]
[EventDate "2004.07.10"]
[EventType "swiss"]
[EventRounds "10"]
[EventCountry "CAN"]

1. d4 e6 2. c4 f5 3. g3 Nf6 4. Bg2 c6 5. Nf3 d5 6. O-O Bd6 7. b3 Qe7 8. Bb2 b6
9. Nc3 Ba6 10. Ne5 O-O 11. cxd5 cxd5 12. a4 Rc8 13. Nb5 Bxb5 14. axb5 Qb7 15.
Qd3 Nbd7 16. f3 Bf8 17. Nxd7 Qxd7 18. Rfc1 Rxc1+ 19. Bxc1 Rc8 20. Bd2 Be7 21.
h3 Ne8 22. e3 Bd6 23. g4 Bb8 24. Rc1 Rxc1+ 25. Bxc1 Nd6 26. Bf1 Qc7 27. Qd2 Nb7
28. f4 Na5 29. gxf5 Nxb3 30. Qb2 Nxc1 31. fxe6 Kf8 32. h4 Ke8 33. Kf2 h6 34. h5
Ke7 35. Ke1 Kxe6 36. Kd2 Kf6 37. Qxc1 Qxc1+ 38. Kxc1 Bd6 39. Bg2 Ba3+ 40. Kd2
Ke6 41. Ke2 Bc1 42. Bh3+ Kd6 43. Bf5 Ba3 44. Bg6 Bb2 45. Bf7 Ba3 46. Kd3 Bc1
47. f5 Bb2 48. Bg8 1/2-1/2

[Event "CAN-op"]
[Site "Kapuskasing CAN"]
[Date "2004.07.13"]
[Round "5"]
[White "Cashin, Ken"]
[Black "Roussel-Roozmon, Thomas"]
[Result "0-1"]
[WhiteElo "1697"]
[BlackElo "2405"]
[PlyCount "62"]
[EventDate "2004.07.10"]
[EventType "swiss"]
[EventRounds "10"]
[EventCountry "CAN"]

1. e4 c5 2. Nc3 Nc6 3. f4 g6 4. Nf3 Bg7 5. Bb5 Nd4 6. Bd3 d6 7. Nxd4 cxd4 8.
Ne2 Qb6 9. O-O Nf6 10. Qe1 Nd7 11. Qg3 Nc5 12. Kh1 Bd7 13. e5 Nxd3 14. Qxd3
dxe5 15. fxe5 Bxe5 16. Qe4 Bg7 17. d3 Bc6 18. Qh4 h5 19. a4 O-O 20. b3 Qc5 21.
Ra2 Rfe8 22. Qf2 Qd5 23. Nf4 Qf5 24. Bd2 e5 25. Ne2 Qd7 26. b4 b6 27. a5 b5 28.
Re1 Rac8 29. h4 Rc7 30. Kh2 Rec8 31. Bg5 Bd5 0-1

[Event "CAN-op"]
[Site "Kapuskasing CAN"]
[Date "2004.07.14"]
[Round "6"]
[White "Johnston, Robert"]
[Black "Roussel-Roozmon, Thomas"]
[Result "0-1"]
[WhiteElo "1905"]
[BlackElo "2405"]
[PlyCount "56"]
[EventDate "2004.07.10"]
[EventType "swiss"]
[EventRounds "10"]
[EventCountry "CAN"]

1. e4 c5 2. Nf3 Nc6 3. d4 cxd4 4. Bc4 Nf6 5. Qe2 d6 6. e5 dxe5 7. O-O Qc7 8. c3
Bg4 9. h3 Bh5 10. g4 Bg6 11. Rd1 O-O-O 12. b4 d3 13. Qe3 e4 14. Nfd2 e6 15. Na3
Nd5 16. Bxd5 exd5 17. Nb5 Qb6 18. Nd4 Nxd4 19. cxd4 f5 20. a4 fxg4 21. Ba3 Qe6
22. b5 gxh3 23. Qg3 Bd6 24. Rac1+ Kb8 25. Bxd6+ Qxd6 26. Qxh3 Rhf8 27. Rc5 Bf5
28. Qe3 Rf6 0-1

[Event "CAN-op"]
[Site "Kapuskasing CAN"]
[Date "2004.07.15"]
[Round "7"]
[White "Roussel-Roozmon, Thomas"]
[Black "Graves, Charles"]
[Result "1/2-1/2"]
[WhiteElo "2405"]
[BlackElo "1972"]
[PlyCount "55"]
[EventDate "2004.07.10"]
[EventType "swiss"]
[EventRounds "10"]
[EventCountry "CAN"]

1. d4 f5 2. g3 Nf6 3. Bg2 e6 4. c4 Be7 5. Nf3 O-O 6. O-O d6 7. Nc3 Ne4 8. Qd3
Nxc3 9. bxc3 Nc6 10. e4 e5 11. d5 fxe4 12. Qxe4 Bf5 13. Qe2 Nb8 14. c5 Nd7 15.
c6 bxc6 16. dxc6 Nc5 17. Rd1 Bf6 18. Be3 Ne6 19. Nd2 Bg5 20. Nc4 Bxe3 21. Nxe3
Bg6 22. Rd2 Nc5 23. Rad1 Kh8 24. Nc4 Qf6 25. Qe3 Rab8 26. Na5 Bh5 27. Rc1 Bf3
28. Bxf3 1/2-1/2

[Event "Tournoi de la St-Jean"]
[Site "Quebec CAN"]
[Date "2004.06.25"]
[Round "1"]
[White "Lessard, Claude"]
[Black "Roussel-Roozmon, Thomas"]
[Result "0-1"]
[WhiteElo "2079"]
[BlackElo "2450"]
[PlyCount "78"]
[EventDate "2004.06.??"]
[EventType "swiss"]
[EventRounds "5"]
[EventCountry "CAN"]
[Source "ChessBase"]
[SourceDate "2005.11.24"]

1. d4 Nf6 2. Nf3 e6 3. g3 b6 4. Bg2 Bb7 5. Nbd2 Be7 6. O-O O-O 7. b3 d6 8. Bb2
Nbd7 9. c4 c5 10. dxc5 Nxc5 11. Qc2 h6 12. Rfe1 Qc7 13. e4 Rad8 14. Rad1 Qc8
15. b4 Ncd7 16. Nd4 Qa8 17. Bh3 Rfe8 18. Nb5 Rc8 19. Qb3 a6 20. Nxd6 Bxd6 21.
e5 Bxe5 22. Bxe5 Nxe5 23. Rxe5 Rcd8 24. Qe3 Qb8 25. Re1 Qd6 26. Nb3 Qxb4 27.
Rc1 Rc8 28. c5 Nd7 29. Rh5 bxc5 30. Rh4 Qb6 31. Bg2 Bd5 32. Bf1 Rc7 33. Ra4 Ra8
34. Rg4 Nf6 35. Rh4 Rac8 36. g4 Nh7 37. Bd3 Ng5 38. Nd2 Qb2 39. Rb1 Qxd2 0-1

[Event "Tournoi de la St-Jean"]
[Site "Quebec CAN"]
[Date "2004.06.26"]
[Round "2"]
[White "Roussel-Roozmon, Thomas"]
[Black "Caire, Francois"]
[Result "1-0"]
[WhiteElo "2450"]
[BlackElo "2097"]
[PlyCount "73"]
[EventDate "2004.06.??"]
[EventType "swiss"]
[EventRounds "5"]
[EventCountry "CAN"]

1. d4 d5 2. c4 Bf5 3. cxd5 Bxb1 4. Qa4+ c6 5. dxc6 Nxc6 6. Rxb1 e5 7. Bd2 Qxd4
8. Qxd4 Nxd4 9. e3 Nc6 10. Bb5 Bd6 11. Bxc6+ bxc6 12. Rc1 Ne7 13. e4 Rb8 14. b3
Kd7 15. Ne2 Bb4 16. Nc3 Bxc3 17. Rxc3 Rb5 18. Ke2 Ke6 19. Be3 Rhb8 20. f3 Ra5
21. a4 Ra6 22. Rd1 f6 23. Bc5 Rb7 24. Rd6+ Kf7 25. Rd8 g5 26. Kd3 Rc7 27. Kc4
Nc8 28. Rcd3 Ke6 29. Re8+ Kf7 30. Rf8+ Kg6 31. Rg8+ Kf7 32. Rgd8 Ke6 33. g3
Nb6+ 34. Kc3 Ra5 35. Kb4 Ra6 36. a5 Nc8 37. Rf8 1-0

[Event "Tournoi de la St-Jean"]
[Site "Quebec CAN"]
[Date "2004.06.26"]
[Round "3"]
[White "Roussel-Roozmon, Thomas"]
[Black "Berube, Antoine"]
[Result "1-0"]
[WhiteElo "2450"]
[BlackElo "2011"]
[PlyCount "93"]
[EventDate "2004.06.??"]
[EventType "swiss"]
[EventRounds "5"]
[EventCountry "CAN"]

1. d4 d5 2. c4 c6 3. Nf3 Nf6 4. e3 e6 5. Nc3 Nbd7 6. Bd3 dxc4 7. Bxc4 b5 8. Bd3
Bb7 9. O-O a6 10. e4 c5 11. d5 c4 12. dxe6 fxe6 13. Bc2 Qc7 14. Nd4 Nc5 15. Be3
O-O-O 16. Qe2 h5 17. f3 Kb8 18. Rad1 Rc8 19. Bf2 h4 20. Qe3 Qe5 21. Nde2 g5 22.
b4 cxb3 23. axb3 Ncd7 24. Qa7+ Kc7 25. Rd2 Bd6 26. Rxd6 Qxd6 27. Nxb5+ axb5 28.
Qa5+ Nb6 29. e5 Qc6 30. Nd4 Ra8 31. Nxc6 Rxa5 32. Nxa5 Nfd7 33. Rc1 Kb8 34.
Bxb6 Nxb6 35. Nxb7 Kxb7 36. Be4+ Nd5 37. Bxd5+ exd5 38. Rc5 Rd8 39. Rxb5+ Kc6
40. Rb4 Kc5 41. Rg4 d4 42. Kf2 Kb4 43. Rxg5 d3 44. Ke1 Kc3 45. e6 Ra8 46. Rc5+
Kxb3 47. Kd2 1-0

[Event "Tournoi de la St-Jean"]
[Site "Quebec CAN"]
[Date "2004.06.27"]
[Round "4"]
[White "Schleifer, Michael"]
[Black "Roussel-Roozmon, Thomas"]
[Result "1/2-1/2"]
[WhiteElo "2325"]
[BlackElo "2450"]
[PlyCount "115"]
[EventDate "2004.06.??"]
[EventType "swiss"]
[EventRounds "5"]
[EventCountry "CAN"]

1. b3 e5 2. Bb2 Nc6 3. c4 g6 4. e3 Bg7 5. Nf3 Nge7 6. d4 e4 7. Nfd2 f5 8. Nc3
d5 9. a3 Be6 10. cxd5 Nxd5 11. Bb5 Nxc3 12. Bxc6+ bxc6 13. Bxc3 c5 14. Rc1 cxd4
15. Bxd4 Bxd4 16. exd4 Qxd4 17. Rc6 Bf7 18. Nc4 Qxd1+ 19. Kxd1 O-O-O+ 20. Ke2
Bxc4+ 21. Rxc4 Rd7 22. Rhc1 Rhd8 23. R1c2 a6 24. h4 Rg7 25. R2c3 Rd6 26. Rc6
Kb7 27. R6c4 Rgd7 28. Rc2 Rd4 29. Rxd4 Rxd4 30. Rc4 a5 31. Ke3 Rd5 32. f3 exf3
33. gxf3 Kb6 34. b4 axb4 35. axb4 c6 36. Rc1 Kb5 37. Rc2 Rd6 38. Rb2 Rd1 39. h5
gxh5 40. Kf4 Rd5 41. Kg5 h4 42. f4 h3 43. Rc2 h2 44. Rxh2 Kxb4 45. Rxh7 c5 46.
Rb7+ Kc3 47. Rf7 Kd4 48. Rxf5 Rxf5+ 49. Kxf5 c4 50. Kg6 c3 51. f5 c2 52. f6
c1=Q 53. f7 Qc5 54. Kg7 Qe7 55. Kg8 Qg5+ 56. Kh8 Qf6+ 57. Kg8 Qg6+ 58. Kh8
1/2-1/2

[Event "Tournoi de la St-Jean"]
[Site "Quebec CAN"]
[Date "2004.06.27"]
[Round "5"]
[White "Roussel-Roozmon, Thomas"]
[Black "Larochelle, Martial"]
[Result "1-0"]
[WhiteElo "2450"]
[BlackElo "2159"]
[PlyCount "57"]
[EventDate "2004.06.??"]
[EventType "swiss"]
[EventRounds "5"]
[EventCountry "CAN"]

1. e4 c5 2. c3 Nf6 3. e5 Nd5 4. Nf3 e6 5. d4 cxd4 6. cxd4 d6 7. Nc3 Nxc3 8.
bxc3 Qc7 9. Bd2 Bd7 10. Bd3 Bc6 11. O-O Nd7 12. Bf4 Bxf3 13. Qxf3 dxe5 14. dxe5
Be7 15. Rab1 Rb8 16. Rfd1 a6 17. Qg3 g6 18. h4 Bf8 19. h5 gxh5 20. Qg5 Nc5 21.
Bc2 Qc6 22. Rd4 h6 23. Qxh5 Rg8 24. g3 Be7 25. Qxh6 Qf3 26. Qh7 Rg4 27. Bd1
Qxc3 28. Bxg4 Qxd4 29. Bh5 1-0

[Event "Elekes mem GM"]
[Site "Budapest HUN"]
[Date "2004.05.15"]
[Round "1"]
[White "Roussel-Roozmon, Thomas"]
[Black "Fogarasi, Tibor"]
[Result "1/2-1/2"]
[WhiteElo "2454"]
[BlackElo "2465"]
[PlyCount "57"]
[EventDate "2004.05.15"]
[EventType "tourn"]
[EventRounds "11"]
[EventCountry "HUN"]
[EventCategory "7"]
[Source "Mark Crowther"]
[SourceDate "2004.05.31"]

1. e4 c5 2. Nf3 e6 3. c3 d5 4. exd5 Qxd5 5. d4 Nf6 6. Be3 cxd4 7. cxd4 Bb4+ 8.
Nc3 Bd7 9. a3 Bxc3+ 10. bxc3 O-O 11. c4 Qd6 12. Be2 Bc6 13. O-O Ng4 14. h3 Bxf3
15. hxg4 Bxe2 16. Qxe2 Nc6 17. Rfd1 b6 18. d5 exd5 19. cxd5 Ne7 20. Qf3 Ng6 21.
a4 Rac8 22. a5 Rc4 23. axb6 axb6 24. Rab1 Rb8 25. Qe2 Re4 26. f3 Re5 27. Qf2
Rxd5 28. Rxd5 Qxd5 29. Rxb6 1/2-1/2

[Event "Elekes mem GM"]
[Site "Budapest HUN"]
[Date "2004.05.16"]
[Round "2"]
[White "Paschall, William"]
[Black "Roussel-Roozmon, Thomas"]
[Result "1-0"]
[WhiteElo "2381"]
[BlackElo "2454"]
[PlyCount "43"]
[EventDate "2004.05.15"]
[EventType "tourn"]
[EventRounds "11"]
[EventCountry "HUN"]
[EventCategory "7"]
[Source "Mark Crowther"]
[SourceDate "2004.05.31"]

1. d4 Nf6 2. Nf3 e6 3. c4 b6 4. Bf4 Bb7 5. e3 Be7 6. h3 O-O 7. Nc3 d5 8. cxd5
Nxd5 9. Nxd5 Bxd5 10. Bd3 c5 11. dxc5 Bxc5 12. O-O Nd7 13. e4 Bb7 14. Qe2 f6
15. Rad1 Qe7 16. Bb5 Nb8 17. Bxb8 Rfxb8 18. Rd7 Qf8 19. Rfd1 Kh8 20. b4 a6 21.
Rxb7 Rxb7 22. Bc6 1-0

[Event "Elekes mem GM"]
[Site "Budapest HUN"]
[Date "2004.05.17"]
[Round "3"]
[White "Roussel-Roozmon, Thomas"]
[Black "Medvegy, Zoltan"]
[Result "1/2-1/2"]
[WhiteElo "2454"]
[BlackElo "2455"]
[PlyCount "42"]
[EventDate "2004.05.15"]
[EventType "tourn"]
[EventRounds "11"]
[EventCountry "HUN"]
[EventCategory "7"]
[Source "Mark Crowther"]
[SourceDate "2004.05.31"]

1. d4 Nf6 2. c4 e6 3. Nc3 Bb4 4. Qc2 O-O 5. a3 Bxc3+ 6. Qxc3 b6 7. Bg5 c5 8.
dxc5 bxc5 9. e3 Nc6 10. Nf3 h6 11. Bh4 g5 12. Bg3 Ne4 13. Qc2 f5 14. Nd2 Nxg3
15. hxg3 Qf6 16. O-O-O d6 17. Nb1 Rd8 18. Nc3 Ne5 19. Be2 Ba6 20. Qa4 Bb7 21.
f4 Nf7 1/2-1/2

[Event "Elekes mem GM"]
[Site "Budapest HUN"]
[Date "2004.05.18"]
[Round "4"]
[White "Izsak, Gyula"]
[Black "Roussel-Roozmon, Thomas"]
[Result "1/2-1/2"]
[WhiteElo "2456"]
[BlackElo "2454"]
[PlyCount "26"]
[EventDate "2004.05.15"]
[EventType "tourn"]
[EventRounds "11"]
[EventCountry "HUN"]
[EventCategory "7"]
[Source "Mark Crowther"]
[SourceDate "2004.05.31"]

1. d4 Nf6 2. Nf3 e6 3. c4 b6 4. g3 Ba6 5. b3 Bb4+ 6. Bd2 Be7 7. Bg2 c6 8. Bc3
d5 9. Nbd2 Nbd7 10. O-O O-O 11. Re1 c5 12. Ne5 Rc8 13. Rc1 cxd4 1/2-1/2

[Event "Elekes mem GM"]
[Site "Budapest HUN"]
[Date "2004.05.19"]
[Round "5"]
[White "Roussel-Roozmon, Thomas"]
[Black "Medvegy, Nora"]
[Result "0-1"]
[WhiteElo "2454"]
[BlackElo "2367"]
[PlyCount "120"]
[EventDate "2004.05.15"]
[EventType "tourn"]
[EventRounds "11"]
[EventCountry "HUN"]
[EventCategory "7"]
[Source "Mark Crowther"]
[SourceDate "2004.05.31"]

1. d4 Nf6 2. c4 e6 3. Nc3 Bb4 4. Qc2 O-O 5. a3 Bxc3+ 6. Qxc3 b6 7. Bg5 Ba6 8.
Qf3 Nc6 9. e3 h6 10. Bh4 Na5 11. Rc1 c5 12. d5 g5 13. Bg3 exd5 14. cxd5 Bxf1
15. Kxf1 Nb3 16. Rc2 Re8 17. Ne2 Ne4 18. Qf5 Qf6 19. Qxf6 Nxf6 20. Nc3 a6 21.
Re2 b5 22. Bd6 Nc1 23. Rd2 c4 24. h4 Nd3 25. hxg5 hxg5 26. Ke2 Kg7 27. b3 Ng4
28. Nd1 Nc1+ 29. Kf3 Nxb3 30. Rc2 f5 31. a4 Nf6 32. Nc3 Ne4 33. Nxe4 Rxe4 34.
Ra2 bxa4 35. Bb4 a5 36. Bc3+ Kg6 37. Rxa4 Rc8 38. Ke2 Ree8 39. Kd1 Rc5 40. Kc2
Rec8 41. Rh8 Rxh8 42. Bxh8 Rxd5 43. Rxc4 Nc5 44. Bd4 Ne6 45. Bc3 f4 46. e4 Rb5
47. f3 g4 48. Ra4 gxf3 49. gxf3 Kh5 50. Bxa5 Kh4 51. Be1+ Kh3 52. Ra1 Nd4+ 53.
Kd3 Nxf3 54. Bc3 d6 55. Ra6 Ne5+ 56. Kd4 f3 57. Be1 Rb1 58. Bf2 Ng4 59. Ra2
Nxf2 60. Rxf2 Kg3 0-1

[Event "Elekes mem GM"]
[Site "Budapest HUN"]
[Date "2004.05.20"]
[Round "6"]
[White "Poulsen, Martin"]
[Black "Roussel-Roozmon, Thomas"]
[Result "0-1"]
[WhiteElo "2290"]
[BlackElo "2454"]
[PlyCount "80"]
[EventDate "2004.05.15"]
[EventType "tourn"]
[EventRounds "11"]
[EventCountry "HUN"]
[EventCategory "7"]
[Source "Mark Crowther"]
[SourceDate "2004.05.31"]

1. d4 Nf6 2. c4 e6 3. Nc3 Bb4 4. e3 b6 5. Nge2 c5 6. a3 Ba5 7. Rb1 Na6 8. Bd2
O-O 9. dxc5 bxc5 10. Nf4 Bb7 11. Bd3 d5 12. cxd5 exd5 13. Bxa6 Bxa6 14. b4 Bc7
15. Nfe2 d4 16. Na4 Bb7 17. f3 d3 18. Ng3 c4 19. Rc1 Qd5 20. Nb2 Bxg3+ 21. hxg3
Rac8 22. Kf2 Ng4+ 23. Kg1 Rfe8 24. Nxc4 Rxc4 25. Rxc4 Qxc4 26. Rh4 h5 27. fxg4
Qd5 28. Qf1 g5 29. Rxh5 f6 30. Kf2 Kg7 31. Rh2 Rc8 32. Ke1 Qe5 33. Kf2 Rc4 34.
Rh1 Rc2 35. Qd1 Ra2 36. Qc1 Rc2 37. Qd1 Qb2 38. Ke1 Qxa3 39. Qb1 Ra2 40. Bc1
Ra1 0-1

[Event "Elekes mem GM"]
[Site "Budapest HUN"]
[Date "2004.05.23"]
[Round "9"]
[White "Nagle, Sean"]
[Black "Roussel-Roozmon, Thomas"]
[Result "0-1"]
[WhiteElo "2375"]
[BlackElo "2454"]
[PlyCount "134"]
[EventDate "2004.05.15"]
[EventType "tourn"]
[EventRounds "11"]
[EventCountry "HUN"]
[EventCategory "7"]
[Source "Mark Crowther"]
[SourceDate "2004.05.31"]

1. Nf3 c5 2. c4 Nc6 3. d4 cxd4 4. Nxd4 Nf6 5. Nc3 e6 6. g3 Qb6 7. Nb3 Ne5 8.
Bg2 Nxc4 9. O-O Be7 10. Qc2 O-O 11. Ne4 d5 12. Nxf6+ Bxf6 13. e4 Bd7 14. exd5
Rac8 15. dxe6 Bxe6 16. Qe4 Nd6 17. Qf3 Rc2 18. Be3 Qb4 19. Rac1 Rxc1 20. Rxc1
b6 21. h3 Bxb2 22. Rc2 Bf6 23. Bd2 Qa4 24. Kh2 Bf5 25. Rc7 Bb1 26. Qd5 Bxa2 27.
Qxd6 Bxb3 28. Bc6 Qd4 29. Qxd4 Bxd4 30. Bb4 Rb8 31. Rxa7 g6 32. f4 Rc8 33. Ra8
Rxa8 34. Bxa8 Kg7 35. Kg2 Kf6 36. Kf3 Ke6 37. Ke4 Bf2 38. f5+ gxf5+ 39. Kf4 Bd4
40. Bb7 Be5+ 41. Kg5 f6+ 42. Kh4 Bc2 43. Ba6 Kd5 44. Bb5 Ke4 45. Be7 Kf3 46. g4
f4 47. Bd8 Bd4 48. g5 fxg5+ 49. Kxg5 Ke3 50. h4 f3 51. Kg4 Kf2 52. Bc6 Bd1 53.
h5 h6 54. Bc7 Be3 55. Bd6 Be2 56. Bb4 b5 57. Be4 Bd4 58. Bd2 Bg7 59. Kf5 Bf8
60. Kg4 b4 61. Bd5 Bd1 62. Kf4 b3 63. Be3+ Ke1 64. Bd4 f2 65. Bc3+ Kf1 66. Be4
Bc5 67. Kg3 Kg1 0-1

[Event "Elekes mem GM"]
[Site "Budapest HUN"]
[Date "2004.05.24"]
[Round "10"]
[White "Roussel-Roozmon, Thomas"]
[Black "Danner, Georg"]
[Result "1/2-1/2"]
[WhiteElo "2454"]
[BlackElo "2393"]
[PlyCount "42"]
[EventDate "2004.05.15"]
[EventType "tourn"]
[EventRounds "11"]
[EventCountry "HUN"]
[EventCategory "7"]
[Source "Mark Crowther"]
[SourceDate "2004.05.31"]

1. d4 f5 2. g3 Nf6 3. Bg2 g6 4. c4 Bg7 5. Nc3 O-O 6. Nf3 d6 7. O-O Qe8 8. d5
Na6 9. Rb1 Nc5 10. b4 Nce4 11. Bb2 e5 12. dxe6 Bxe6 13. Nxe4 fxe4 14. Ng5 Bxc4
15. Nxe4 Nxe4 16. Bxg7 Kxg7 17. Qd4+ Qe5 18. Qxe5+ dxe5 19. Bxe4 c6 20. Rb2
Rfd8 21. f3 Rd4 1/2-1/2

[Event "Elekes mem GM"]
[Site "Budapest HUN"]
[Date "2004.05.25"]
[Round "11"]
[White "Anka, Emil"]
[Black "Roussel-Roozmon, Thomas"]
[Result "1/2-1/2"]
[WhiteElo "2422"]
[BlackElo "2454"]
[PlyCount "20"]
[EventDate "2004.05.15"]
[EventType "tourn"]
[EventRounds "11"]
[EventCountry "HUN"]
[EventCategory "7"]
[Source "Mark Crowther"]
[SourceDate "2004.05.31"]

1. d4 Nf6 2. c4 e6 3. Nf3 b6 4. a3 Bb7 5. Nc3 d5 6. Bg5 Be7 7. Bxf6 Bxf6 8.
cxd5 exd5 9. Qb3 O-O 10. Rd1 Na6 1/2-1/2

[Event "Laval XXI"]
[Site "Laval CAN"]
[Date "2004.04.17"]
[Round "2"]
[White "Rosen, Matthew"]
[Black "Roussel-Roozmon, Thomas"]
[Result "0-1"]
[WhiteElo "2109"]
[BlackElo "2445"]
[PlyCount "54"]
[EventDate "2004.04.16"]
[EventType "swiss"]
[EventRounds "5"]
[EventCountry "CAN"]

1. e4 c5 2. Nf3 Nc6 3. d4 cxd4 4. Nxd4 e6 5. Nc3 Qc7 6. Nxc6 bxc6 7. Bd3 Nf6 8.
O-O Be7 9. Qf3 O-O 10. b3 d5 11. Bb2 Bb7 12. Rae1 Nd7 13. exd5 cxd5 14. Nb5 Qb6
15. Bxh7+ Kxh7 16. Qh5+ Kg8 17. Bxg7 Kxg7 18. Qg4+ Kh6 19. Re3 Bg5 20. Rg3 Rg8
21. Rh3+ Kg7 22. Qxg5+ Kf8 23. Qh6+ Ke8 24. Re1 Nf8 25. c4 dxc4 26. bxc4 Rxg2+
27. Kf1 Qxf2# 0-1